[Event "Czech Open Rapid 2019"]
[Site "Pardubice"]
[Date "2019.07.17"]
[Round "3.5"]
[White "Polschikov, Alexey"]
[Black "Zilka, Stepan"]
[Result "1-0"]
[WhiteElo "2344"]
[BlackElo "2537"]
[Annotator "ChessBase"]
[PlyCount "73"]
[EventDate "2019.07.17"]
[EventType "swiss"]
[EventCountry "CZE"]
[SourceTitle "playchess.com"]
[Source "ChessBase"]
[SourceQuality "1"]

1. Nf3 d5 2. d4 Nf6 3. c4 c6 4. Nc3 e6 5. g3 dxc4 6. Bg2 b5 7. O-O Bb7 8. Ne5 a6 9. b3 cxb3 10. axb3 Bb4 11. Bb2 O-O 12. Ne4 Nd5 13. Nc5 Bxc5 14. dxc5 f6 15. Nd3 Nd7 16. Qc2 Qe7 17. e4 Nc7 18. Bc3 e5 19. f4 Ne6 20. b4 a5 21. bxa5 b4 22. Bxb4 Ba6 23. Rfd1 Nd4 24. Qa2+ Kh8 25. Kh1 Rfb8 26. Bc3 Nxc5 27. Nxc5 Qxc5 28. Bxd4 exd4 29. Rac1 Qe7 30. Rxd4 Bb5 31. Qd2 Qc7 32. Rd1 h6 33. e5 fxe5 34. Rd7 Qxa5 35. Qd6 exf4 36. Qg6 Qc3 37. Be4 1-0

[Event "Czech Open Rapid 2019"]
[Site "Pardubice"]
[Date "2019.07.17"]
[Round "3.6"]
[White "Nagy, Gabor"]
[Black "Potapov, Alexander"]
[Result "1-0"]
[WhiteElo "2523"]
[BlackElo "2361"]
[Annotator "ChessBase"]
[PlyCount "51"]
[EventDate "2019.07.17"]
[EventType "swiss"]
[EventCountry "CZE"]
[SourceTitle "playchess.com"]
[Source "ChessBase"]
[SourceQuality "1"]

1. c4 f5 2. Nf3 Nf6 3. b3 g6 4. Bb2 Bg7 5. e3 d6 6. d4 e6 7. Be2 b6 8. O-O O-O 9. Nc3 Qe7 10. b4 Ne4 11. Nxe4 fxe4 12. Nd2 d5 13. Qb3 Bb7 14. Rac1 a6 15. a4 Nd7 16. Ba3 c6 17. cxd5 exd5 18. b5 c5 19. bxa6 Bc6 20. Bb5 Qe6 21. dxc5 bxc5 22. Bxc5 Rfb8 23. a7 Rb7 24. Rfd1 Ne5 25. Nxe4 Ng4 26. Bxc6 1-0

[Event "Czech Open Rapid 2019"]
[Site "Pardubice"]
[Date "2019.07.17"]
[Round "3.7"]
[White "Belyakov, Bogdan"]
[Black "Biolek, Richard Jr."]
[Result "1/2-1/2"]
[WhiteElo "2500"]
[BlackElo "2447"]
[Annotator "ChessBase"]
[PlyCount "106"]
[EventDate "2019.07.17"]
[EventType "swiss"]
[EventCountry "CZE"]
[SourceTitle "playchess.com"]
[Source "ChessBase"]
[SourceQuality "1"]

1. e4 Nc6 2. Nf3 e5 3. Bc4 Nf6 4. d4 exd4 5. e5 Ng4 6. Qe2 Qe7 7. Bf4 d6 8. exd6 Qxe2+ 9. Bxe2 Bxd6 10. Bxd6 cxd6 11. Na3 O-O 12. Nb5 d3 13. Bxd3 Nb4 14. O-O Nxd3 15. cxd3 Bf5 16. Rfd1 Rfd8 17. Nh4 Be6 18. h3 Nf6 19. a3 a6 20. Nd4 g6 21. Nhf3 Bd5 22. Kf1 Rac8 23. Rac1 Nd7 24. Ke2 Ne5 25. Ne1 Nc6 26. Nxc6 bxc6 27. b4 a5 28. f3 Ra8 29. bxa5 Rxa5 30. Rc3 Rb8 31. Ra1 c5 32. Kd2 Kf8 33. Nc2 Be6 34. d4 Bf5 35. dxc5 dxc5 36. Ne3 Rb2+ 37. Kc1 Rf2 38. Kd1 Be6 39. Rac1 Ra2 40. Rxc5 R5xa3 41. R5c3 Rxc3 42. Rxc3 f5 43. f4 Rf2 44. Rc7 Bf7 45. Ke1 Rxf4 46. Ke2 Re4 47. Kf3 Re7 48. Rxe7 Kxe7 49. g4 fxg4+ 50. Kxg4 Kf6 51. h4 h6 52. Kf4 Be6 53. Nc2 g5+ 1/2-1/2

[Event "Czech Open Rapid 2019"]
[Site "Pardubice"]
[Date "2019.07.17"]
[Round "3.7"]
[White "Freisler, Pavel"]
[Black "Votava, Jan"]
[Result "0-1"]
[WhiteElo "2261"]
[BlackElo "2521"]
[Annotator "ChessBase"]
[PlyCount "68"]
[EventDate "2019.07.17"]
[EventType "swiss"]
[EventCountry "CZE"]
[SourceTitle "playchess.com"]
[Source "ChessBase"]
[SourceQuality "1"]

1. Nf3 Nf6 2. c4 c5 3. Nc3 d5 4. cxd5 Nxd5 5. d4 Nxc3 6. bxc3 g6 7. e4 Bg7 8. Bb5+ Nc6 9. O-O cxd4 10. cxd4 O-O 11. Be3 Bg4 12. Bxc6 bxc6 13. Rc1 Rc8 14. Qa4 Bxf3 15. gxf3 Qd7 16. Kg2 f5 17. d5 fxe4 18. Qxe4 cxd5 19. Qg4 Qxg4+ 20. fxg4 a6 21. Rfd1 e6 22. Rd3 Rxc1 23. Bxc1 Rc8 24. Bg5 Rc3 25. Rxc3 Bxc3 26. Kf3 Kf7 27. h3 e5 28. Ke2 e4 29. f3 Ke6 30. fxe4 dxe4 31. Ke3 Kd5 32. Be7 Ke5 33. Bf8 Bd4+ 34. Ke2 Kf4 0-1

[Event "Czech Open Rapid 2019"]
[Site "Pardubice"]
[Date "2019.07.17"]
[Round "3.8"]
[White "Zwardon, Vojtech"]
[Black "Blandon, Luis Guillermo"]
[Result "0-1"]
[WhiteElo "2465"]
[BlackElo "2239"]
[Annotator "ChessBase"]
[PlyCount "180"]
[EventDate "2019.07.17"]
[EventType "swiss"]
[EventCountry "CZE"]
[SourceTitle "playchess.com"]
[Source "ChessBase"]
[SourceQuality "1"]

1. c4 Nf6 2. Nc3 g6 3. g3 Bg7 4. Bg2 O-O 5. d3 d6 6. Bg5 Nc6 7. Qd2 e5 8. Bh6 Ng4 9. Bxg7 Kxg7 10. h3 Nf6 11. Nf3 h6 12. Rb1 a5 13. O-O Be6 14. a3 d5 15. cxd5 Nxd5 16. Ne4 Qe7 17. Rfc1 Rad8 18. b3 Bc8 19. Qb2 Rfe8 20. Rc2 f5 21. Ned2 Qf6 22. e3 Nb6 23. Ne1 Rd6 24. Rbc1 Bd7 25. b4 axb4 26. axb4 Nd5 27. b5 Ncb4 28. Rc4 Rb6 29. Rxb4 Nxb4 30. Qxb4 Rxb5 31. Qa3 c6 32. Nc4 Qf8 33. Qd6 Be6 34. Qxf8+ Rxf8 35. Nf3 Kf6 36. d4 exd4 37. Nxd4 Bxc4 38. Rxc4 Rb1+ 39. Bf1 Ra8 40. Kg2 Raa1 41. Be2 Rc1 42. Rb4 Rcb1 43. Rc4 Rc1 44. Nc2 Ra2 45. Bd3 Rb2 46. Kf3 Ke5 47. Ke2 Kd6 48. Kd2 Rbb1 49. g4 b5 50. Rd4+ Kc7 51. gxf5 gxf5 52. Rh4 Rd1+ 53. Ke2 Rdc1 54. Bxf5 c5 55. Rxh6 b4 56. Be4 b3 57. Na3 Ra1 58. Nb5+ Kd8 59. Rd6+ Ke7 60. Rb6 b2 61. Rb7+ Kd8 62. Rb8+ Ke7 63. Rb7+ Kf6 64. Rb6+ Ke5 65. Nd6 b1=Q 66. f4+ Ke6 67. Nb5+ Ke7 68. Rb7+ Kd8 69. Bxb1 Raxb1 70. f5 Rb2+ 71. Kd3 c4+ 72. Ke4 c3 73. Nd6 Rxb7 74. Nxb7+ Kc7 75. Nc5 Rd1 76. Na6+ Kd6 77. Nb4 Rd2 78. h4 c2 79. Nxc2 Rxc2 80. Kf4 Rf2+ 81. Kg5 Ke5 82. e4 Kxe4 83. h5 Ke5 84. Kg6 Rg2+ 85. Kf7 Kxf5 86. h6 Ra2 87. h7 Ra7+ 88. Kg8 Kg6 89. h8=N+ Kf6 90. Kf8 Ra8# 0-1

[Event "Czech Open Rapid 2019"]
[Site "Pardubice"]
[Date "2019.07.17"]
[Round "3.8"]
[White "Gazik, Viktor"]
[Black "Galperin, Platon"]
[Result "1-0"]
[WhiteElo "2462"]
[BlackElo "2335"]
[Annotator "ChessBase"]
[PlyCount "64"]
[EventDate "2019.07.17"]
[EventType "swiss"]
[EventCountry "CZE"]
[SourceTitle "playchess.com"]
[Source "ChessBase"]
[SourceQuality "1"]

1. Nf3 Nf6 2. g3 d5 3. Bg2 e6 4. O-O Be7 5. d3 O-O 6. Nbd2 c5 7. e4 Nc6 8. Re1 b5 9. e5 Nd7 10. Nf1 a5 11. h4 Ba6 12. N1h2 Qb6 13. Bf4 Rfc8 14. Ng5 h6 15. Nh3 c4 16. dxc4 bxc4 17. Rb1 Qd4 18. Qg4 c3 19. Nf3 Qa4 20. b3 Qxa2 21. Bxh6 Bf8 22. Rbc1 Qa3 23. Bf4 Ne7 24. Nfg5 Nf5 25. Nxf7 Kxf7 26. Qh5+ Kg8 27. Ng5 Nh6 28. Qg6 Be7 29. Qh7+ Kf8 30. Nxe6+ Ke8 31. Nxg7+ Kd8 32. Ne6+ Ke8 1-0

[Event "Czech Open Rapid 2019"]
[Site "Pardubice"]
[Date "2019.07.17"]
[Round "3.9"]
[White "Zanan, Evgeny"]
[Black "Piesik, Piotr"]
[Result "1/2-1/2"]
[WhiteElo "2505"]
[BlackElo "2421"]
[Annotator "ChessBase"]
[PlyCount "122"]
[EventDate "2019.07.17"]
[EventType "swiss"]
[EventCountry "CZE"]
[SourceTitle "playchess.com"]
[Source "ChessBase"]
[SourceQuality "1"]

1. d4 Nf6 2. c4 c5 3. d5 b5 4. cxb5 a6 5. bxa6 e6 6. Nc3 exd5 7. Nxd5 Nxd5 8. Qxd5 Nc6 9. Nf3 Bxa6 10. Bd2 Be7 11. Bc3 O-O 12. e4 Nb4 13. Bxb4 Bxf1 14. Kxf1 cxb4 15. g3 Ra5 16. Qb3 Qa8 17. Kg2 Bc5 18. Rhe1 Qa7 19. Re2 d6 20. e5 dxe5 21. Rxe5 Ra8 22. Rc1 Bd6 23. Rxa5 Qxa5 24. Rd1 Bf8 25. Ra1 h6 26. Qc4 Ra7 27. h4 Rc7 28. Qe4 b3 29. Qb1 Rc2 30. axb3 Qc5 31. Qe1 Rxb2 32. Rb1 Qc2 33. Rxb2 Qxb2 34. Qe3 Qc2 35. Ne5 Qc7 36. Qe4 Qd6 37. Nd3 Qb6 38. Qd5 Bd6 39. Qc4 Qb7+ 40. Kg1 Qb6 41. Kg2 Qb7+ 42. Kh2 h5 43. b4 g6 44. b5 Qb6 45. Kg2 Kf8 46. Qd5 Ke7 47. Nb2 Qc5 48. Qe4+ Kd7 49. Qb7+ Ke6 50. Qe4+ Kd7 51. Qd3 Ke6 52. Nc4 Bc7 53. Ne3 Bb6 54. Kf3 Ba7 55. Qe4+ Kd7 56. Qc4 Qxc4 57. Nxc4 Bc5 58. Ke2 Ke6 59. f3 Kd5 60. Nd2 Bd6 61. Ne4 Bc7 1/2-1/2

[Event "Czech Open Rapid 2019"]
[Site "Pardubice"]
[Date "2019.07.17"]
[Round "3.9"]
[White "ROESSLER, Ulrike"]
[Black "MANIK, Mikulas"]
[Result "0-1"]
[WhiteElo "2143"]
[BlackElo "2458"]
[Annotator "ChessBase"]
[PlyCount "64"]
[EventDate "2019.07.17"]
[EventType "swiss"]
[EventCountry "CZE"]
[SourceTitle "playchess.com"]
[Source "ChessBase"]
[SourceQuality "1"]

1. e4 c5 2. Nf3 d6 3. d4 cxd4 4. Nxd4 Nf6 5. Nc3 a6 6. Be3 e5 7. Nb3 Be6 8. f3 h5 9. Bg5 Be7 10. Bxf6 Bxf6 11. Nd5 Nd7 12. a4 Rc8 13. c3 O-O 14. Be2 Bg5 15. a5 h4 16. O-O Bxd5 17. Qxd5 Be3+ 18. Kh1 Nf6 19. Qd3 Ba7 20. Rfd1 Nh5 21. Qxd6 Qg5 22. f4 Nxf4 23. Bf3 Rfd8 24. Qb4 h3 25. g3 Nd3 26. Rxd3 Rxd3 27. Qxb7 Rcd8 28. Qxa7 Rxf3 29. Qxa6 Qe3 30. Qb6 Rf1+ 31. Rxf1 Qxe4+ 32. Kg1 Qg2# 0-1

[Event "Czech Open Rapid 2019"]
[Site "Pardubice"]
[Date "2019.07.17"]
[Round "3.10"]
[White "Goriatchkin, Jouri"]
[Black "Bagi, Mate"]
[Result "0-1"]
[WhiteElo "2316"]
[BlackElo "2459"]
[Annotator "ChessBase"]
[PlyCount "108"]
[EventDate "2019.07.17"]
[EventType "swiss"]
[EventCountry "CZE"]
[SourceTitle "playchess.com"]
[Source "ChessBase"]
[SourceQuality "1"]

1. d4 Nf6 2. c4 c5 3. d5 e6 4. Nc3 exd5 5. cxd5 d6 6. Nf3 g6 7. Bf4 a6 8. a4 Bg7 9. e3 O-O 10. Be2 Nh5 11. Bg5 Bf6 12. Bxf6 Nxf6 13. Nd2 Nbd7 14. O-O Re8 15. e4 g5 16. Nc4 Nxe4 17. Nxe4 Rxe4 18. Nxd6 Rd4 19. Qc2 Nf6 20. Nxc8 Rxc8 21. Rad1 Nxd5 22. Bc4 Nf6 23. b3 Qd7 24. Rxd4 cxd4 25. Qd3 Rd8 26. Rd1 Kg7 27. h3 h6 28. a5 Qc7 29. Qf5 Qd6 30. Rd3 Re8 31. Rd1 Re7 32. g3 Ne4 33. Kg2 Qd7 34. Qf3 Nf6 35. Rd3 Qd6 36. Kh2 Qc5 37. Qd1 Qxa5 38. Rxd4 Re1 39. Qf3 Qc7 40. b4 b5 41. Bb3 Rb1 42. Rd3 Rb2 43. Kg2 Qe7 44. Rd4 Rb1 45. Qc3 Qe2 46. Rd6 Qf1+ 47. Kf3 Qh1+ 48. Ke2 Qe4+ 49. Kd2 Qe1+ 50. Kd3 Qxc3+ 51. Kxc3 Ne4+ 52. Kc2 Rxb3 53. Rd4 Rc3+ 54. Kb2 Rc4 0-1

[Event "Czech Open Rapid 2019"]
[Site "Pardubice"]
[Date "2019.07.17"]
[Round "3.10"]
[White "UHMANN, Jan Jr"]
[Black "JIRKA, Jiri"]
[Result "0-1"]
[WhiteElo "2117"]
[BlackElo "2447"]
[Annotator "NA"]
[PlyCount "70"]
[EventDate "2019.07.17"]
[EventType "swiss"]
[EventCountry "CZE"]
[SourceTitle "playchess.com"]
[Source "ChessBase"]
[SourceQuality "1"]

1. e4 e5 2. Nf3 Nc6 3. d4 exd4 4. Nxd4 Nf6 5. Nxc6 bxc6 6. e5 Qe7 7. Qe2 Nd5 8. c4 Ba6 9. g3 O-O-O 10. Qe4 Nb6 11. c5 Bxf1 12. cxb6 Ba6 13. bxa7 Kb7 14. Be3 f6 15. f4 fxe5 16. fxe5 d5 17. Qd4 c5 18. Qc3 d4 19. Qb3+ Kxa7 20. Bd2 Qxe5+ 21. Kd1 c4 22. Qc2 Bc5 23. Bf4 Qd5 24. Re1 Rhe8 25. Qd2 Rxe1+ 26. Qxe1 Rd7 27. Kc1 g5 28. Bd2 Re7 29. Qd1 Rf7 30. b4 Bd6 31. Be3 c5 32. Bg1 c3 33. Na3 Rf1 34. b5 Rxd1+ 35. Kxd1 Qg2 0-1

[Event "Czech Open Rapid 2019"]
[Site "Pardubice"]
[Date "2019.07.17"]
[Round "3.11"]
[White "Gagare, Shardul"]
[Black "Bykova, Anastasia"]
[Result "1-0"]
[WhiteElo "2476"]
[BlackElo "2229"]
[Annotator "ChessBase"]
[PlyCount "123"]
[EventDate "2019.07.17"]
[EventType "swiss"]
[EventCountry "CZE"]
[SourceTitle "playchess.com"]
[Source "ChessBase"]
[SourceQuality "1"]

1. Nf3 d5 2. c4 c6 3. b3 Nf6 4. Bb2 Bf5 5. g3 e6 6. Bg2 Nbd7 7. O-O Be7 8. d3 h6 9. Nbd2 O-O 10. a3 a5 11. Bc3 Qb6 12. Qc1 Rfe8 13. Qb2 Bf8 14. b4 axb4 15. axb4 Bh7 16. Rfb1 Qc7 17. Ne5 Rec8 18. b5 Nxe5 19. Bxe5 Qd8 20. b6 Ne8 21. Ra7 f6 22. Bc3 Bc5 23. Bd4 Bxd4 24. Qxd4 Nd6 25. Qe3 Qe8 26. Qc5 Qe7 27. e4 Rab8 28. Re1 Kf7 29. Bh3 dxe4 30. dxe4 Rd8 31. e5 Nf5 32. Qxe7+ Kxe7 33. exf6+ gxf6 34. Nb3 Kd6 35. c5+ Ke7 36. Bg2 Rd7 37. Ra4 Rd3 38. Rb4 Kf7 39. Be4 Rd7 40. Kf1 Bg6 41. Ra1 Ne7 42. Ra7 Bxe4 43. Rxe4 Nd5 44. Na5 Ke7 45. Nc4 Nc3 46. Re3 Nb5 47. Ra1 Rd4 48. Na5 Kf7 49. Rae1 e5 50. f4 Ra4 51. Nb3 exf4 52. Re7+ Kg6 53. Nd2 fxg3 54. hxg3 Nc3 55. Nf3 Nd5 56. Rd7 Rc4 57. Kg2 Rxc5 58. Nh4+ Kh5 59. Rg7 Rc2+ 60. Kh3 Rc3 61. Re4 Ra8 62. Nf5 1-0

[Event "Czech Open Rapid 2019"]
[Site "Pardubice"]
[Date "2019.07.17"]
[Round "3.11"]
[White "Frolov, Aleksey G."]
[Black "Pulpan, Jakub"]
[Result "0-1"]
[WhiteElo "2174"]
[BlackElo "2414"]
[Annotator "NA"]
[PlyCount "108"]
[EventDate "2019.07.17"]
[EventType "swiss"]
[EventCountry "CZE"]
[SourceTitle "playchess.com"]
[Source "ChessBase"]
[SourceQuality "1"]

1. e4 e5 2. Nf3 Nc6 3. Bb5 Nf6 4. d3 Bc5 5. Bxc6 dxc6 6. Nbd2 O-O 7. Nc4 Nd7 8. O-O f6 9. c3 Re8 10. d4 exd4 11. cxd4 Bf8 12. Qb3 Kh8 13. Nce5 fxe5 14. Ng5 Re7 15. Nf7+ Rxf7 16. Qxf7 exd4 17. Bf4 Qf6 18. Qxf6 Nxf6 19. Rfe1 Be6 20. Bxc7 c5 21. f4 Rc8 22. Ba5 Bd7 23. e5 Nd5 24. e6 Bc6 25. Bd2 g6 26. Rac1 Re8 27. Re2 Nc7 28. Rce1 Bb5 29. Re5 Bd6 30. Rg5 Bc4 31. f5 gxf5 32. e7 Rxe7 33. Rxe7 Bxe7 34. Rxf5 Bxa2 35. Bf4 Ne6 36. Be5+ Kg8 37. Rf3 Bd5 38. Rg3+ Kf7 39. Rh3 Ng5 40. Ra3 a6 41. Rg3 b5 42. h4 Ne4 43. Rg7+ Ke6 44. Rxh7 Kxe5 45. Rxe7+ Kd6 46. Re8 d3 47. Rd8+ Ke5 48. Kf1 d2 49. Ke2 Bb3 50. Re8+ Kf4 51. Rf8+ Kg3 52. Rg8+ Kxh4 53. Rh8+ Kg3 54. Rg8+ Kh2 0-1

[Event "Czech Open Rapid 2019"]
[Site "Pardubice"]
[Date "2019.07.17"]
[Round "3.12"]
[White "Mirzoev, Emil"]
[Black "Chirivi C, Jenny Astrid"]
[Result "1-0"]
[WhiteElo "2493"]
[BlackElo "2089"]
[Annotator "ChessBase"]
[PlyCount "99"]
[EventDate "2019.07.17"]
[EventType "swiss"]
[EventCountry "CZE"]
[SourceTitle "playchess.com"]
[Source "ChessBase"]
[SourceQuality "1"]

1. c4 c5 2. Nf3 Nf6 3. d4 cxd4 4. Nxd4 Nc6 5. Nc3 g6 6. e4 d6 7. Be2 Bg7 8. Be3 O-O 9. O-O Nxd4 10. Bxd4 b6 11. f3 Bb7 12. Qd2 Rc8 13. Rfd1 Re8 14. Rac1 Qc7 15. b3 Nd7 16. Be3 Nc5 17. Qe1 Qb8 18. b4 Nd7 19. Nd5 e6 20. Nc3 Ne5 21. Nb5 Bf8 22. Qd2 Rcd8 23. f4 Nc6 24. a3 Rd7 25. Bf3 Red8 26. Qf2 Ne7 27. Bd4 d5 28. cxd5 exd5 29. Be5 Qa8 30. Nc7 Rxc7 31. Bxc7 Rd7 32. Bg4 f5 33. exf5 Nxf5 34. Bxf5 gxf5 35. Be5 Bg7 36. Qd4 Qf8 37. Re1 Qf7 38. Bxg7 Qxg7 39. Re8+ Kf7 40. Qxg7+ Kxg7 41. Rce1 Kf7 42. R8e5 Kf6 43. Re6+ Kf7 44. Rh6 Kg7 45. Rh5 d4 46. Rxf5 d3 47. Rd1 Rd4 48. Kf2 Be4 49. Ke3 Rc4 50. Re5 1-0

[Event "Czech Open Rapid 2019"]
[Site "Pardubice"]
[Date "2019.07.17"]
[Round "3.12"]
[White "Meleshko, Volodymyr"]
[Black "Blatny, Pavel"]
[Result "1-0"]
[WhiteElo "2270"]
[BlackElo "2321"]
[Annotator "NA"]
[PlyCount "93"]
[EventDate "2019.07.17"]
[EventType "swiss"]
[EventCountry "CZE"]
[SourceTitle "playchess.com"]
[Source "ChessBase"]
[SourceQuality "1"]

1. e4 b6 2. d4 Bb7 3. Nc3 e6 4. g3 g6 5. Bg2 Bg7 6. Be3 Ne7 7. Qd2 Nf5 8. Bg5 f6 9. Bf4 Nxd4 10. Qxd4 e5 11. Bxe5 fxe5 12. Qd2 Nc6 13. Nd5 Ne7 14. O-O-O Nxd5 15. exd5 O-O 16. Be4 a5 17. h4 Qf6 18. Nf3 a4 19. a3 Ra5 20. h5 c6 21. d6 Rd5 22. Qb4 Rxd1+ 23. Kxd1 b5 24. Qc5 g5 25. h6 Bxh6 26. Nxe5 Qe6 27. f3 Rf6 28. Ke2 Qxd6 29. Qxd6 Rxd6 30. Nd3 Bc8 31. g4 Re6 32. Kd2 Kg7 33. Bf5 Re7 34. Nc5 Re5 35. Ne4 c5 36. Rh5 Bb7 37. Nxg5 Rd5+ 38. Ke2 Re5+ 39. Kf2 Bxg5 40. Rxg5+ Kf6 41. f4 Rd5 42. Rh5 Rd4 43. Rh6+ Ke7 44. Ke3 Kd8 45. Rxh7 Rd1 46. g5 Rg1 47. Rxd7+ 1-0

[Event "Czech Open Rapid 2019"]
[Site "Pardubice"]
[Date "2019.07.17"]
[Round "3.13"]
[White "Sydoryka, Vladislav"]
[Black "Matviishen, Viktor"]
[Result "0-1"]
[WhiteElo "2263"]
[BlackElo "2396"]
[Annotator "NA"]
[PlyCount "78"]
[EventDate "2019.07.17"]
[EventType "swiss"]
[EventCountry "CZE"]
[SourceTitle "playchess.com"]
[Source "ChessBase"]
[SourceQuality "1"]

1. c4 Nf6 2. g3 c5 3. Bg2 d5 4. cxd5 Nxd5 5. Nc3 Nc7 6. Nf3 Nc6 7. a3 a5 8. O-O e5 9. d3 Be7 10. Bd2 O-O 11. Ne1 Be6 12. Nc2 Bb3 13. Qc1 Ne6 14. Re1 Rc8 15. Rb1 Ned4 16. Na1 Be6 17. e3 Nb3 18. Nxb3 Bxb3 19. Bf1 f5 20. Nb5 a4 21. Nc3 Qd7 22. e4 f4 23. Nd5 Nd4 24. Bg2 f3 25. Bf1 Bxd5 26. exd5 Qxd5 27. Bc3 b5 28. Qe3 Nc2 29. Qxe5 Qxe5 30. Rxe5 Bf6 31. Rf5 b4 32. axb4 Bxc3 33. Rxf8+ Kxf8 34. bxc5 Bd4 35. Rc1 Rxc5 36. Bh3 Bxb2 37. Rd1 a3 38. Be6 Nd4 39. Ba2 Rc1 0-1

[Event "Czech Open Rapid 2019"]
[Site "Pardubice"]
[Date "2019.07.17"]
[Round "3.14"]
[White "NOVOTNY, Michal"]
[Black "TRASAK, Ondrej"]
[Result "1-0"]
[WhiteElo "2326"]
[BlackElo "1937"]
[Annotator "NA"]
[PlyCount "57"]
[EventDate "2019.07.17"]
[EventType "swiss"]
[EventCountry "CZE"]
[SourceTitle "playchess.com"]
[Source "ChessBase"]
[SourceQuality "1"]

1. d4 d5 2. Nf3 Bf5 3. c4 c6 4. cxd5 cxd5 5. Qb3 Qc8 6. Nc3 e6 7. Bf4 a6 8. Na4 Nc6 9. Nb6 Bb4+ 10. Kd1 Qd8 11. Nxa8 Qxa8 12. Rc1 Be7 13. e3 Nf6 14. Bd3 Bxd3 15. Qxd3 Ne4 16. Ke2 O-O 17. Ne5 g5 18. Nxc6 bxc6 19. Bg3 f5 20. Be5 f4 21. f3 Nd6 22. Bxd6 Bxd6 23. e4 e5 24. Rhd1 dxe4 25. Qxe4 Re8 26. Kf1 exd4 27. Qxd4 Bb8 28. Qf6 Ba7 29. Rd7 1-0

[Event "Czech Open Rapid 2019"]
[Site "Pardubice"]
[Date "2019.07.17"]
[Round "3.14"]
[White "Yandarbiev, Ruslan"]
[Black "Petr, Martin"]
[Result "1-0"]
[WhiteElo "2270"]
[BlackElo "2459"]
[Annotator "ChessBase"]
[PlyCount "159"]
[EventDate "2019.07.17"]
[EventType "swiss"]
[EventCountry "CZE"]
[SourceTitle "playchess.com"]
[Source "ChessBase"]
[SourceQuality "1"]

1. e4 e6 2. d4 d5 3. Nc3 Nf6 4. e5 Nfd7 5. f4 c5 6. Nf3 Be7 7. Be3 b6 8. a4 O-O 9. Be2 Nc6 10. O-O Bb7 11. Kh1 Rc8 12. Qe1 f6 13. exf6 Bxf6 14. Nb5 Qe7 15. c3 a6 16. Na3 cxd4 17. Nxd4 Nc5 18. Nac2 e5 19. Nf5 Qd8 20. fxe5 Nxe5 21. Ncd4 Qd7 22. Qg3 Ne4 23. Qh3 Rcd8 24. Bf4 Bc8 25. Qe3 Qe8 26. Ng3 Nxg3+ 27. Qxg3 Ng6 28. Bh5 Bxd4 29. cxd4 Bf5 30. Bd6 Rf7 31. Bc7 Rc8 32. Bxb6 Be4 33. Rxf7 Qxf7 34. Bc5 a5 35. Kg1 Qb7 36. b3 Bc2 37. Bg4 Re8 38. Re1 Be4 39. h3 Nh8 40. Qd6 Nf7 41. Be6 Kh8 42. Qd7 Qxd7 43. Bxd7 Rb8 44. Bb5 h5 45. Rf1 Kg8 46. b4 axb4 47. Bxb4 Nh6 48. Bd6 Ra8 49. Rc1 Nf5 50. Be5 h4 51. Rc7 g6 52. Bc6 Ra6 53. Rc8+ Kf7 54. Bb5 Ra7 55. Rd8 Ke7 56. Rh8 Ke6 57. Rg8 Ne7 58. Rd8 Bc2 59. Rd6+ Kf7 60. Rf6+ Kg8 61. Bd6 Nf5 62. Bc5 Ra5 63. Rxg6+ Kf7 64. Ra6 Rxa6 65. Bxa6 Bxa4 66. Kf2 Kg6 67. Bd3 Kg5 68. Bb6 Bd7 69. Bd8+ Kh5 70. Be2+ Kg6 71. Bg4 Bb5 72. Bxf5+ Kxf5 73. Bxh4 Ke4 74. Bf6 Kf4 75. Be5+ Ke4 76. g4 Bd7 77. Kg3 Bb5 78. h4 Bd7 79. h5 Be8 80. Kh4 1-0

[Event "Czech Open Rapid 2019"]
[Site "Pardubice"]
[Date "2019.07.17"]
[Round "3.15"]
[White "Shcherbin, Matvei"]
[Black "Bryzgalin, Kirill"]
[Result "0-1"]
[WhiteElo "2366"]
[BlackElo "2437"]
[Annotator "NA"]
[PlyCount "94"]
[EventDate "2019.07.17"]
[EventType "swiss"]
[EventCountry "CZE"]
[SourceTitle "playchess.com"]
[Source "ChessBase"]
[SourceQuality "1"]

1. e4 e5 2. Nf3 Nc6 3. d4 exd4 4. Nxd4 d6 5. Nc3 Be7 6. Be3 Nf6 7. Qd2 Ng4 8. Nxc6 bxc6 9. Bd4 O-O 10. h3 Bg5 11. Qd3 Nf6 12. Be2 Rb8 13. O-O c5 14. f4 cxd4 15. fxg5 dxc3 16. gxf6 cxb2 17. fxg7 Re8 18. Rab1 Qg5 19. Rf3 Be6 20. c4 Rb4 21. Qc3 Reb8 22. Kh1 a5 23. Qd4 a4 24. Kh2 Qe5+ 25. Qxe5 dxe5 26. a3 Rb3 27. Kg1 Rxf3 28. gxf3 Bxh3 29. Kf2 Be6 30. Ke1 Kxg7 31. Kd2 h5 32. Kc2 Kf6 33. f4 exf4 34. Bxh5 Bxc4 35. Rxb2 Rh8 36. Bg4 Kg5 37. Kc3 Kxg4 38. Kxc4 f3 39. Kd4 Kf4 40. Kd5 Rh6 41. e5 Ke3 42. Rb4 c6+ 43. Kc5 f2 44. Rb1 Rg6 45. Rc1 Rg1 46. Rc3+ Ke4 47. Rc4+ Kxe5 0-1

[Event "Czech Open Rapid 2019"]
[Site "Pardubice"]
[Date "2019.07.17"]
[Round "3.15"]
[White "Lymar, Vladislav"]
[Black "Rosko, Lubos"]
[Result "1-0"]
[WhiteElo "2024"]
[BlackElo "2309"]
[Annotator "NA"]
[PlyCount "143"]
[EventDate "2019.07.17"]
[EventType "swiss"]
[EventCountry "CZE"]
[SourceTitle "playchess.com"]
[Source "ChessBase"]
[SourceQuality "1"]

1. e4 c5 2. Nf3 d6 3. d4 cxd4 4. Qxd4 a6 5. c4 Nc6 6. Qd3 g6 7. Be2 Bg7 8. h3 Nf6 9. Nc3 O-O 10. O-O Be6 11. Be3 Nd7 12. Rac1 Nde5 13. Nxe5 Nxe5 14. Qd2 Nxc4 15. Bxc4 Bxc4 16. Rfd1 Rc8 17. b3 Be6 18. Na4 Rxc1 19. Rxc1 Bd7 20. Nb6 Bc6 21. Qd3 f5 22. exf5 gxf5 23. Nd5 e6 24. Nf4 Qe7 25. Qc4 d5 26. Qd3 d4 27. Bxd4 Rd8 28. Bc5 Rxd3 29. Bxe7 Rd7 30. Bc5 Bh6 31. Be3 e5 32. Nd5 Bg7 33. Nb6 Rd8 34. Nc4 f4 35. Bb6 Rd7 36. f3 e4 37. fxe4 Bxe4 38. Rf1 Bh6 39. Ne5 Rd2 40. Rf2 Rd5 41. Ng4 Bg5 42. h4 Bxh4 43. Rxf4 Bb1 44. Nh6+ Kg7 45. Rxh4 Bxa2 46. b4 Rb5 47. Bd4+ Kg6 48. Bc3 Be6 49. Ng4 Rg5 50. Ne5+ Kf5 51. Rxh7 Bd5 52. g4+ Ke4 53. Kf2 b6 54. Re7 Rg8 55. Kg3 a5 56. bxa5 bxa5 57. Bxa5 Kd4 58. Bd2 Be4 59. Bf4 Bf5 60. g5 Rh8 61. g6 Bxg6 62. Nxg6 Rg8 63. Re6 Kd5 64. Rd6+ Ke4 65. Kg4 Rd8 66. Re6+ Kd5 67. Re1 Ra8 68. Kf5 Ra2 69. Rd1+ Kc5 70. Ne5 Kb5 71. Rc1 Rf2 72. Ke4 1-0

[Event "Czech Open Rapid 2019"]
[Site "Pardubice"]
[Date "2019.07.17"]
[Round "3.16"]
[White "Vittorino, Carlo Giovanni"]
[Black "Valderrama Quiceno, Esteban Alb"]
[Result "1/2-1/2"]
[WhiteElo "2252"]
[BlackElo "2423"]
[Annotator "NA"]
[PlyCount "58"]
[EventDate "2019.07.17"]
[EventType "swiss"]
[EventCountry "CZE"]
[SourceTitle "playchess.com"]
[Source "ChessBase"]
[SourceQuality "1"]

1. c4 c5 2. Nf3 Nf6 3. Nc3 e6 4. g3 b6 5. Bg2 Bb7 6. O-O Be7 7. d4 cxd4 8. Qxd4 d6 9. Bg5 a6 10. Bxf6 Bxf6 11. Qf4 O-O 12. Rfd1 Be7 13. Ne4 Bxe4 14. Qxe4 Ra7 15. Nd4 Rc7 16. Rac1 Kh8 17. b3 Qc8 18. Rc2 Bf6 19. Rcd2 Rd8 20. e3 h6 21. h4 Be7 22. Qf3 Kg8 23. Ne2 Nc6 24. Nf4 b5 25. cxb5 axb5 26. Qe2 b4 27. Bxc6 Rxc6 28. Nd3 Qb8 29. e4 d5 1/2-1/2

[Event "Czech Open Rapid 2019"]
[Site "Pardubice"]
[Date "2019.07.17"]
[Round "3.16"]
[White "Soural, Jan"]
[Black "Nehyba, Martin"]
[Result "1/2-1/2"]
[WhiteElo "2196"]
[BlackElo "2090"]
[Annotator "NA"]
[PlyCount "47"]
[EventDate "2019.07.17"]
[EventType "swiss"]
[EventCountry "CZE"]
[SourceTitle "playchess.com"]
[Source "ChessBase"]
[SourceQuality "1"]

1. d4 f5 2. Nc3 Nf6 3. Bg5 e6 4. e4 fxe4 5. Nxe4 Be7 6. Bxf6 Bxf6 7. Qh5+ g6 8. Qh6 d5 9. Nxf6+ Qxf6 10. Nf3 Nc6 11. Bb5 Bd7 12. Bxc6 Bxc6 13. O-O-O O-O-O 14. h4 Rhf8 15. Rde1 Rde8 16. h5 g5 17. Qxg5 Qxg5+ 18. Nxg5 Rxf2 19. Nxh7 Rxg2 20. h6 Rh8 21. Nf6 Rg6 22. Ref1 Rhxh6 23. Rxh6 Rxh6 24. Ng4 1/2-1/2